| 000 | 00749nam a22001937a 4500 | ||
|---|---|---|---|
| 005 | 20251108173227.0 | ||
| 008 | 250721s2005 xx 000 0 ara d | ||
| 082 | 1 | 4 | _a547.84/واص |
| 100 | 1 | _aواصل، محمد مجدي عبدالله | |
| 245 | 1 | 0 | _aكيمياء الوليمرات الاساس في صناعة المطاط ،البلاستيك،الالياف الصناعية ،الورنشيات.الصموغ.المواد العزلة والصناعات الورقية. / |
| 264 | 1 |
_aعمان : _bدار الفجر للنشر والتوزيع، _c2005. |
|
| 300 | _a313ص | ||
| 650 | 1 | 7 | _aالكيمياء |
| 650 | 1 | 7 | _aالبلمرات |
| 650 | 1 | 7 | _aالمطاط |
| 650 | 1 | 7 | _aالصناعات |
| 942 |
_2ddc _cBK |
||
| 999 |
_c99023 _d99023 |
||